| 000 | 01433cam a22003617a 4500 | ||
|---|---|---|---|
| 001 | 3982 | ||
| 003 | FISKH | ||
| 005 | 20240529102045.0 | ||
| 008 | 110217s2008 nyua j 000 0 eng d | ||
| 010 | _a 2011380739 | ||
| 020 | _a9780448449944 (pbk.) | ||
| 020 | _a0448449943 (pbk.) | ||
| 035 | _a(OCoLC)ocn234919482 | ||
| 040 |
_aINB _cINB _dIH7 _dBAKER _dUPZ _dJED _dF4B _dXY4 _dPFO _dBTCTA _dDLC _beng |
||
| 042 | _alccopycat | ||
| 050 | 0 | 0 |
_aPZ7.S84443 _bNe 2008 |
| 082 | _a813.6 | ||
| 100 | 1 |
_aStevens, Eric, _d1974- |
|
| 245 | 1 | 4 |
_aThe clone wars : _bThe new Padawan / _cadapted by Eric Stevens. |
| 260 |
_aNew York : _bGrosset & Dunlap, _c2008. |
||
| 300 |
_a48 pages : _bcolor illustrations ; _c23 cm |
||
| 500 | _aBased on the movie "Star Wars : The Clone Wars" | ||
| 500 | _a"Lucas Books"--P. [4] of cover. | ||
| 520 | _aNow that Anakin Skywalker is a full-fledged Jedi Knight, his days of being a Padawan learner are behind him. But the Jedi Council has assigned him a Padawan of his own. Her name is Ahsoka, and this young girl just might be more than the Jedi can handle. | ||
| 526 | 0 |
_aAccelerated Reader/Renaissance Learning _bLG _c3.9 _d1. |
|
| 600 | 1 | 1 |
_aVader, Darth _c(Fictitious character) _vFiction. |
| 650 | 0 |
_aLife on other planets _vFiction. |
|
| 650 | 0 |
_aSpace warfare _vFiction. |
|
| 650 | 0 | _aFantasy. | |
| 906 |
_a7 _bcbc _ccopycat _d2 _encip _f20 _gy-gencatlg |
||
| 942 |
_2ddc _cBK _n0 |
||
| 999 |
_c3982 _d3982 |
||